000 00710nam a2200205Ia 4500
003 0
005 20250127082327.0
008 150126s9999 xx 000 0 und d
050 _aPHS LB 1049
_b.T136 2014
100 _aTakeda, Yujiro
245 4 _aThe difference of the student's study habits and their favorite subject /
_cYujiro Takeda.
260 _aLas PiƱas City, Philippines :
_bSouthville International School and Colleges,
_c2014.
300 _a23 pages :
_billustration ;
_c28 cm.
504 _aIncludes bibliographical references.
650 _aStudy skills.
650 _aLearning strategies.
650 _aEducation
_vPsychological aspects.
650 _aSubject choice.
942 _2lcc
_cPASS
999 _c278653
_d278653